000 00672nam a2200241Ia 4500
003 OSt
005 20220925220326.0
006 a|||||r|||| 00| 0
007 ta
008 220923b |||||||| |||| 00| 0 eng d
037 _cGeneral Book
040 _aRTL
_cRTL
_beng
041 _2eng
_aeng
082 _aX:8F, M4
100 _aDonleavy G D
_9284567
245 0 _aAdvanced management accounting
260 _aLondon
_bMacdonald & Evans UK
_c1984
300 _axii, 393p. Bib p 382-84
_ccm.
490 _aM & E higher business education series
650 _aBudgeting
942 _hX:8F, M4
_cGB
_2CC
999 _c571131
_d571131